Actuarial science in theory and in practice proceedings
Uložené v:
| Korporácia: | , |
|---|---|
| Ďalší autori: | , , |
| Médium: | Kniha |
| Jazyk: | Slovak English |
| Vydavateľské údaje: |
Bratislava
EKONÓM publishing
2015
|
| Vydanie: | 1. vyd. |
| Predmet: | |
| Tagy: |
Žiadne tagy, Buďte prvý, kto otaguje tento záznam!
|
MARC
| LEADER | 00000nlm a2200000 4500 | ||
|---|---|---|---|
| 001 | 0210594 | ||
| 005 | 20240513112756.0 | ||
| 020 | |a 978-80-225-4156-5 | ||
| 041 | 0 | |a slo | |
| 041 | 0 | |a eng | |
| 044 | |a SK | ||
| 245 | 1 | 0 | |a Actuarial science in theory and in practice |b proceedings |c edited by: Andrea Kaderová ; reviewed by: Mária Bilíková, Jozef Fecenko ... [et al.] |
| 250 | |a 1. vyd. | ||
| 264 | 1 | |a Bratislava |b EKONÓM publishing |c 2015 | |
| 300 | |a CD-ROM [201 s., 6,45 AH] | ||
| 610 | 2 | 0 | |a vedy aktuárske |
| 610 | 2 | 0 | |a aktuári |
| 610 | 2 | 0 | |a poisťovne |
| 610 | 2 | 0 | |a modely |
| 610 | 2 | 0 | |a poistenie životné |
| 610 | 2 | 0 | |a poľnohospodárstvo |
| 610 | 2 | 0 | |a poistenie dôchodkové |
| 610 | 2 | 0 | |a riziko poistné |
| 700 | 1 | |a Kaderová, Andrea | |
| 700 | 1 | |a Bilíková, Mária, 1951- | |
| 700 | 1 | |a Fecenko, Jozef | |
| 110 | 2 | |a Actuarial science in theory and in practice. International scientific conference | |
| 710 | 2 | |a Fakulta hospodárskej informatiky EU. Katedra matematiky a aktuárstva | |